Statistics for County seat of the Czechia by typical image

Click here to take the quiz!

General Stats

  • This quiz has been taken 24 times
  • The average score is 8 of 13

Answer Stats

Answer% Correct
Prague
100%
Karlovy Vary
80%
Ostrava
73%
Pardubice
73%
Zlin
73%
Liberec
67%
Olomouc
67%
Pilsen
53%
Usti nad Labem
53%
Brno
40%
Hradec Kralove
40%
Ceske Budejovice
33%
Jihlava
33%

Score Distribution

Percentile by Number Answered

Percent of People with Each Score

Your Score History

You have not taken this quiz